LIBRARY & INFORMATION CENTRE, KCAET, TAVANUR

ONLINE PUBLIC ACCESS CATALOGUE (OPAC)

A Tale of a Tub (Record no. 36)

MARC details
000 -LEADER
fixed length control field 00335cam a2200145ua 4500
003 - CONTROL NUMBER IDENTIFIER
control field @
008 - FIXED-LENGTH DATA ELEMENTS--GENERAL INFORMATION
fixed length control field 211008b ||||| |||| 00| 0 eng d
082 ## - DEWEY DECIMAL CLASSIFICATION NUMBER
Classification number 823.308
Item number SWI/TA
100 ## - MAIN ENTRY--AUTHOR NAME
Personal name Swift,Fonathan
245 00 - TITLE STATEMENT
Title A Tale of a Tub
260 ## - PUBLICATION, DISTRIBUTION, ETC. (IMPRINT)
Place of publication Oxford at the clarendon press.Mcmlviii
Year of publication 1920
300 ## - PHYSICAL DESCRIPTION
Number of Pages 374
942 ## - ADDED ENTRY ELEMENTS (KOHA)
Koha item type Books
003 - CONTROL NUMBER IDENTIFIER
control field OSt
Holdings
Withdrawn status Lost status Damaged status Home library Current library Date acquired Full call number Accession Number Koha item type
Withdrawn     KAUAET KAUAET 07/04/2012 923.2 5063 Books
free website counter